[Event "VII Cto. de España Abierto Zona Sur"]
[Site "Almeria (España)"]
[Date "2007.09.05"]
[Round "4.1"]
[White "Vega Gutierrez, Sabrina Neide"]
[Black "Mascaro March, Pedro"]
[Result "0-1"]
[WhiteElo "2321"]
[BlackElo "2390"]
[PlyCount "86"]
[EventDate "2007.09.??"]
[EventType "swiss"]
[EventRounds "7"]
[EventCountry "ESP"]

1. e4 e5 2. Nf3 d6 3. d4 exd4 4. Nxd4 Nf6 5. Nc3 Be7 6. Nde2 O-O 7. g3 Re8 8.
Bg2 Bf8 9. O-O Nbd7 10. Nf4 Nc5 11. Re1 a5 12. a4 c6 13. h3 Qb6 14. b3 Qc7 15.
Bb2 Be6 16. Nh5 Nxh5 17. Qxh5 g6 18. Qg5 Bg7 19. Rad1 Rad8 20. Qc1 Qb6 21. Qa1
Qb4 22. Re3 Nd7 23. Ba3 Qb6 24. Rxd6 Bd4 25. Re2 Be5 26. Rd3 c5 27. Qd1 c4 28.
bxc4 Bxc4 29. Nd5 Qe6 30. f4 Bxd3 31. Qxd3 Bg7 32. Qb5 Rc8 33. Rd2 Nf6 34.
Nxf6+ Bxf6 35. e5 Be7 36. Bxe7 Rxe7 37. Qxa5 Rec7 38. Qb5 Qa6 39. Be4 Qe6 40.
Kh2 b6 41. Bd5 Rxc2 42. Qe2 Rxd2 43. Qxd2 Rd8 0-1

[Event "VII Cto. de España Abierto Zona Sur"]
[Site "Almeria (España)"]
[Date "2007.09.05"]
[Round "4.2"]
[White "Fernandez Siles, Luis"]
[Black "Ferrer Sanchez, Pedro J"]
[Result "1/2-1/2"]
[WhiteElo "2310"]
[BlackElo "2314"]
[PlyCount "29"]
[EventDate "2007.09.??"]
[EventType "swiss"]
[EventRounds "7"]
[EventCountry "ESP"]

1. e4 c5 2. c3 g6 3. d4 Qc7 4. Be3 Nf6 5. f3 b6 6. Na3 a6 7. Nc4 b5 8. Nd2 d6
9. a4 Bg7 10. axb5 O-O 11. Bd3 Bb7 12. Ne2 axb5 13. Rxa8 Bxa8 14. Bxb5 Nbd7 15.
d5 1/2-1/2

[Event "VII Cto. de España Abierto Zona Sur"]
[Site "Almeria (España)"]
[Date "2007.09.05"]
[Round "4.3"]
[White "Urbina Perez, Juan Antonio"]
[Black "Campos Gambuti, Luis Maria"]
[Result "1-0"]
[WhiteElo "2163"]
[BlackElo "2425"]
[PlyCount "85"]
[EventDate "2007.09.??"]
[EventType "swiss"]
[EventRounds "7"]
[EventCountry "ESP"]

1. e4 d5 2. exd5 Qxd5 3. Nc3 Qd6 4. d4 Nf6 5. Bc4 a6 6. Bb3 Nc6 7. Nge2 Na5 8.
Bf4 Qd8 9. Qd3 Nxb3 10. axb3 e6 11. O-O-O Bd6 12. Qf3 Rb8 13. Be5 b5 14. Ne4
Bb7 15. Bxf6 gxf6 16. d5 f5 17. Qc3 e5 18. Nc5 Bc8 19. f4 Qe7 20. Nd3 b4 21.
Qc4 f6 22. Nd4 Bd7 23. Rhe1 e4 24. g4 fxg4 25. Nc6 Bxc6 26. Rxe4 Bd7 27. Rxe7+
Kxe7 28. Re1+ Kf7 29. Ne5+ fxe5 30. fxe5 Rhe8 31. e6+ Kf6 32. Rf1+ Kg5 33. exd7
Rf8 34. Rg1 h5 35. h3 Rf4 36. Qe2 Rd8 37. hxg4 h4 38. Qe8 Rf8 39. Qh5+ Kf4 40.
Qxh4 Rxd7 41. g5+ Ke5 42. Re1+ Kf5 43. Qh3+ 1-0

[Event "VII Cto. de España Abierto Zona Sur"]
[Site "Almeria (España)"]
[Date "2007.09.05"]
[Round "4.4"]
[White "Llanes Hurtado, Miguel"]
[Black "Barrios Munoz, Rafael Carlos"]
[Result "1-0"]
[WhiteElo "2446"]
[BlackElo "2146"]
[PlyCount "125"]
[EventDate "2007.09.??"]
[EventType "swiss"]
[EventRounds "7"]
[EventCountry "ESP"]

1. d4 d6 2. Nf3 Nf6 3. c4 Nbd7 4. Nc3 e5 5. e4 Be7 6. Be2 O-O 7. O-O c6 8. Be3
Re8 9. d5 c5 10. Ne1 Nf8 11. Nd3 h6 12. b4 b6 13. a4 g5 14. a5 Bd7 15. bxc5
bxc5 16. Nxc5 dxc5 17. d6 Ne6 18. dxe7 Qxe7 19. Nd5 Nxd5 20. cxd5 Nd4 21. Bc4
Rab8 22. Rb1 Qd6 23. Qd2 Kg7 24. f3 f5 25. Qa2 a6 26. Rfc1 g4 27. fxg4 fxe4 28.
h3 Bb5 29. Bxb5 axb5 30. a6 Rb6 31. a7 Ra8 32. Rf1 c4 33. Qf2 Qxd5 34. g5 hxg5
35. Bxg5 Rg6 36. Qh4 Nf3+ 37. gxf3 exf3 38. Qg3 Rxa7 39. h4 Ra2 40. Qxf3 Qxf3
41. Rxf3 Rb6 42. Rg3 Kf8 43. Rf1+ Ke8 44. h5 b4 45. h6 Rb7 46. Bf6 Rh7 47. Rg8+
Kf7 48. Bg7+ Ke7 49. Rc8 c3 50. Rc4 Rb2 51. Rf2 Rb1+ 52. Kg2 Ke6 53. Re2 Kd5
54. Rc8 Rb2 55. Kf3 Kd4 56. Bxe5+ Kd3 57. Re3+ Kc2 58. Bg7 Kb1 59. Re1+ Ka2 60.
Ke4 c2 61. Kd3 Kb3 62. Rc1 Rb1 63. R8xc2 1-0

[Event "VII Cto. de España Abierto Zona Sur"]
[Site "Almeria (España)"]
[Date "2007.09.05"]
[Round "4.5"]
[White "Teran Alvarez, Ismael"]
[Black "De Nacimiento Montano, Antonio"]
[Result "1-0"]
[WhiteElo "2398"]
[BlackElo "1992"]
[PlyCount "57"]
[EventDate "2007.09.??"]
[EventType "swiss"]
[EventRounds "7"]
[EventCountry "ESP"]

1. Nf3 c5 2. e4 d6 3. d4 cxd4 4. Nxd4 Nf6 5. Nc3 g6 6. Be2 Bg7 7. O-O O-O 8.
Re1 Nc6 9. Nb3 Be6 10. Bf1 Rc8 11. Nd5 Bxd5 12. exd5 Nb4 13. c4 b5 14. a3 bxc4
15. axb4 cxb3 16. Qxb3 Qd7 17. Ra5 Rc7 18. h3 Kh8 19. Bd2 Rb8 20. Bd3 Rc5 21.
Qa2 Rxa5 22. bxa5 Qb7 23. b4 Nxd5 24. a6 Qc6 25. Rc1 Bc3 26. Be4 Nxb4 27. Bxc6
Nxa2 28. Bxc3+ e5 29. Rc2 1-0

[Event "VII Cto. de España Abierto Zona Sur"]
[Site "Almeria (España)"]
[Date "2007.09.05"]
[Round "4.6"]
[White "Figuero Toro, Julian"]
[Black "Camacho Collados, Jose"]
[Result "0-1"]
[WhiteElo "2254"]
[BlackElo "2269"]
[PlyCount "104"]
[EventDate "2007.09.??"]
[EventType "swiss"]
[EventRounds "7"]
[EventCountry "ESP"]

1. g3 g6 2. Bg2 Bg7 3. c4 Nf6 4. Nc3 O-O 5. d4 c6 6. e4 d6 7. Nf3 Bg4 8. Be3
Qb6 9. a3 c5 10. O-O Nfd7 11. Nd5 Qd8 12. dxc5 dxc5 13. Qb3 Bxf3 14. Bxf3 Nc6
15. Rad1 e6 16. Nc3 Bd4 17. Bh6 Re8 18. Bf4 Qb6 19. Qc2 a6 20. Be2 Rad8 21. Na4
Qa5 22. Bd2 Qc7 23. b4 Bg7 24. Bg5 f6 25. Bf4 e5 26. Be3 cxb4 27. axb4 Nxb4 28.
Qb3 Nc6 29. c5+ Kh8 30. Rd5 Nd4 31. Qc4 f5 32. exf5 gxf5 33. Bh5 b5 34. Qa2
bxa4 35. Bxe8 Rxe8 36. Qxa4 Rd8 37. Bxd4 exd4 38. c6 Nb6 39. Rxd8+ Qxd8 40.
Qxa6 Nd5 41. Rb1 Be5 42. Qb5 Qd6 43. Re1 Bf6 44. Qc4 Kg7 45. Re8 Kf7 46. Ra8
Kg6 47. Ra7 Nc7 48. h4 d3 49. h5+ Kh6 50. Qc1+ d2 51. Qd1 Bc3 52. Ra3 Qxa3 0-1

[Event "VII Cto. de España Abierto Zona Sur"]
[Site "Almeria (España)"]
[Date "2007.09.05"]
[Round "4.7"]
[White "Delgado Palomeque, Marco A"]
[Black "Vega Gutierrez, Belinda Vidina"]
[Result "0-1"]
[WhiteElo "2232"]
[BlackElo "2098"]
[PlyCount "91"]
[EventDate "2007.09.??"]
[EventType "swiss"]
[EventRounds "7"]
[EventCountry "ESP"]

1. e4 e5 2. Nf3 Nc6 3. Bc4 Nf6 4. d3 Be7 5. O-O O-O 6. Bb3 d6 7. c3 Na5 8. Bc2
c5 9. h3 h6 10. Nbd2 Qc7 11. Re1 Nc6 12. d4 cxd4 13. cxd4 exd4 14. Nb3 Nb4 15.
Bb1 d3 16. Nbd4 d5 17. e5 Ne4 18. a3 Nc6 19. Nxc6 Qxc6 20. Bxd3 Qg6 21. Kf1 Bf5
22. Be2 Bc5 23. Nd4 Rae8 24. Bh5 Qa6+ 25. Be2 Qb6 26. Be3 Bg6 27. b4 Be7 28.
Rc1 Bg5 29. f4 Bh4 30. Nf5 Qd8 31. Nxh4 Qxh4 32. Bf3 Rd8 33. Qd4 Bf5 34. Kg1
Qg3 35. Bg4 Bxg4 36. hxg4 Qxg4 37. Qxa7 Rd7 38. Qd4 Ra8 39. Qb2 d4 40. Bxd4
Qxf4 41. Rf1 Qd2 42. Qxd2 Nxd2 43. Rf4 Nb3 44. Rc4 b5 45. e6 fxe6 46. Rf1 0-1

[Event "VII Cto. de España Abierto Zona Sur"]
[Site "Almeria (España)"]
[Date "2007.09.05"]
[Round "4.8"]
[White "Galvez Extremera, Francisco"]
[Black "Morales Camacho, Julian"]
[Result "0-1"]
[WhiteElo "2140"]
[BlackElo "2232"]
[PlyCount "95"]
[EventDate "2007.09.??"]
[EventType "swiss"]
[EventRounds "7"]
[EventCountry "ESP"]

1. e4 Nc6 2. Nf3 d6 3. d4 Nf6 4. Nc3 g6 5. Be2 Bg7 6. O-O O-O 7. h3 e5 8. Bg5
exd4 9. Nxd4 h6 10. Be3 Re8 11. Nxc6 bxc6 12. Bf3 Bd7 13. Qd2 Kh7 14. Rfe1 a5
15. a4 Qb8 16. Bd4 Qb4 17. Rad1 Re7 18. e5 Ng8 19. Re4 d5 20. Rf4 Be6 21. Qe3
Rd7 22. Bc5 Qb7 23. g4 Re8 24. g5 hxg5 25. Rfd4 Bh6 26. Bg4 Qc8 27. Kg2 f5 28.
Bf3 g4 29. Qd3 gxf3+ 30. Qxf3 Qd8 31. Ne2 Bf7 32. b4 Rxe5 33. bxa5 Nf6 34. Rh4
Ne4 35. Rxh6+ Kxh6 36. Be3+ Kh7 37. a6 c5 38. a7 Qa8 39. Qf4 Re8 40. Qh6+ Kg8
41. f3 Nf6 42. Bxc5 Rxe2+ 43. Kf1 Re8 44. Rb1 d4 45. Kf2 Rd5 46. Rg1 Nh7 47.
Ba3 Qc6 48. Re1 0-1

[Event "VII Cto. de España Abierto Zona Sur"]
[Site "Almeria (España)"]
[Date "2007.09.05"]
[Round "4.9"]
[White "De Nacimiento Montano, Angel"]
[Black "Sanchez Botella, Luis Javier"]
[Result "1/2-1/2"]
[WhiteElo "1999"]
[BlackElo "2244"]
[PlyCount "145"]
[EventDate "2007.09.??"]
[EventType "swiss"]
[EventRounds "7"]
[EventCountry "ESP"]

1. e4 g6 2. d4 Bg7 3. Nc3 d6 4. Be3 Nd7 5. Qd2 a6 6. f3 b5 7. a3 c5 8. Nh3 cxd4
9. Bxd4 Ne5 10. Nf2 Nf6 11. Bxe5 dxe5 12. Qxd8+ Kxd8 13. O-O-O+ Nd7 14. Nd3 e6
15. a4 bxa4 16. Nxa4 Kc7 17. Ndc5 Nxc5 18. Nxc5 Bf8 19. Nd3 f6 20. c3 a5 21.
Kc2 Bd7 22. Be2 Be7 23. Ra1 Rhb8 24. Ra2 a4 25. Rha1 Bc6 26. Kc1 Rd8 27. b4
axb3 28. Rxa8 Bxa8 29. Kb2 f5 30. Kxb3 fxe4 31. Nxe5 Bd6 32. Nc4 Bc5 33. Ra5
Bg1 34. h3 Rf8 35. Nd2 Bb6 36. Re5 Rf5 37. Nc4 exf3 38. gxf3 Bd5 39. Rxf5 gxf5
40. Kb4 Bf2 41. Ne5 Be1 42. Nd3 Bd2 43. Ne5 h5 44. Nc4 Be1 45. Na3 Bb7 46. Nc2
Bd2 47. Nd4 Kd6 48. Bc4 Bc8 49. Bb3 e5 50. Nb5+ Ke7 51. Bd5 Bd7 52. Kc5 Be3+
53. Kb4 f4 54. h4 Bd2 55. Be4 Be8 56. Nc7 Bf7 57. Kc5 Bxc3 58. Nd5+ Bxd5 59.
Kxd5 Kf6 60. Kc4 Be1 61. Kd3 Bxh4 62. Ke2 Kg5 63. Kf1 Bg3 64. Kg2 Kh4 65. Bd5
Be1 66. Be4 Ba5 67. Bd5 Bb6 68. Be4 Kg5 69. Bd5 Kf6 70. Be4 Bd8 71. Bd5 Kf5 72.
Be4+ Ke6 73. Bb7 1/2-1/2

[Event "VII Cto. de España Abierto Zona Sur"]
[Site "Almeria (España)"]
[Date "2007.09.05"]
[Round "4.10"]
[White "Rodriguez Guerrero, Angela"]
[Black "Sabater Sanchez, Asensio"]
[Result "1-0"]
[WhiteElo "1981"]
[BlackElo "2173"]
[PlyCount "125"]
[EventDate "2007.09.??"]
[EventType "swiss"]
[EventRounds "7"]
[EventCountry "ESP"]

1. e4 Nf6 2. d3 d5 3. e5 Nfd7 4. Nf3 e6 5. d4 c5 6. dxc5 Bxc5 7. Bd3 Nc6 8. Qe2
Qc7 9. Bf4 Nd4 10. Nxd4 Bxd4 11. c3 Bxe5 12. Bxe5 Qxe5 13. Nd2 Qxe2+ 14. Kxe2
Nc5 15. Bc2 b6 16. Nb3 Ba6+ 17. Ke3 O-O 18. Rad1 Rac8 19. Nd4 Nb7 20. Kd2 Nd6
21. Rde1 Rc7 22. h4 Rfc8 23. g4 b5 24. a3 Bb7 25. Rh3 a5 26. g5 Ba6 27. h5 e5
28. Nf5 Nc4+ 29. Kc1 e4 30. f3 b4 31. axb4 axb4 32. fxe4 bxc3 33. Rxc3 dxe4 34.
Rxe4 Kf8 35. b3 Na3 36. Rxc7 Rxc7 37. Nd6 Rxc2+ 38. Kd1 Rc8 39. Nxc8 Bxc8 40.
Rb4 Bd7 41. Rb8+ Ke7 42. h6 gxh6 43. gxh6 Nb5 44. Kd2 Nd6 45. Kc3 Nf5 46. Rh8
Nxh6 47. Rxh7 Nf5 48. b4 Nd6 49. Kd4 Ke6 50. Kc5 Ne4+ 51. Kd4 f5 52. Rh6+ Ke7
53. Ke5 Kd8 54. Rh4 Ng3 55. Kd6 Ne4+ 56. Ke5 Ng5 57. Kd6 Nf7+ 58. Kc5 Kc7 59.
b5 Nd8 60. b6+ Kc8 61. Rh8 f4 62. Kd6 f3 63. Rxd8+ 1-0

[Event "VII Cto. de España Abierto Zona Sur"]
[Site "Almeria (España)"]
[Date "2007.09.05"]
[Round "4.11"]
[White "Cuesta Bustos, Raul"]
[Black "Barranco Cara, Francisco Javier"]
[Result "1-0"]
[WhiteElo "2128"]
[BlackElo "1887"]
[PlyCount "93"]
[EventDate "2007.09.??"]
[EventType "swiss"]
[EventRounds "7"]
[EventCountry "ESP"]

1. e4 c5 2. d4 cxd4 3. c3 dxc3 4. Nxc3 Nc6 5. Nf3 e6 6. Bc4 d6 7. O-O Be7 8.
Qe2 Nf6 9. Rd1 e5 10. h3 O-O 11. Bg5 a6 12. Rd2 Be6 13. Rad1 Nd7 14. Bxe7 Qxe7
15. Nd5 Bxd5 16. Bxd5 Rac8 17. Bb3 Nc5 18. Bd5 Rfd8 19. Qe3 h6 20. g4 Ne6 21.
Bxe6 Qxe6 22. Qa3 h5 23. Rxd6 Rxd6 24. Rxd6 Qc4 25. Qe3 hxg4 26. hxg4 Qxa2 27.
Rd2 Qe6 28. Qg5 f6 29. Qh5 Qf7 30. Qf5 Ne7 31. Qd7 Rc1+ 32. Kg2 Qg6 33. Qe6+
Kh7 34. Re2 f5 35. Qxg6+ Nxg6 36. Ng5+ Kg8 37. Rd2 Nf4+ 38. Kh2 g6 39. exf5
gxf5 40. gxf5 Kg7 41. Rd6 Nh5 42. Rg6+ Kf8 43. Rh6 Nf4 44. f6 Kg8 45. f7+ Kg7
46. Rh7+ Kf8 47. Rh8+ 1-0

[Event "VII Cto. de España Abierto Zona Sur"]
[Site "Almeria (España)"]
[Date "2007.09.05"]
[Round "4.14"]
[White "Sampalo Lainz, Francisco"]
[Black "Pareja Perez, Juan Luis"]
[Result "1/2-1/2"]
[WhiteElo "1962"]
[BlackElo "2131"]
[PlyCount "66"]
[EventDate "2007.09.??"]
[EventType "swiss"]
[EventRounds "7"]
[EventCountry "ESP"]

1. Nf3 d5 2. d4 c6 3. g3 Nf6 4. Bg2 h6 5. O-O Bf5 6. c4 e6 7. Nc3 Bd6 8. Re1
Ne4 9. Nd2 Nxd2 10. Bxd2 dxc4 11. e4 Bg6 12. Qe2 O-O 13. Qxc4 e5 14. dxe5 Bxe5
15. Be3 b5 16. Qb3 a5 17. Red1 a4 18. Qc2 Qa5 19. f4 Bc7 20. Rac1 Bb6 21. Bxb6
Qxb6+ 22. Qf2 Qxf2+ 23. Kxf2 a3 24. b3 Na6 25. e5 Nb4 26. Ke3 Rab8 27. Rd2 f6
28. e6 Rfe8 29. Rd6 Bf5 30. Bxc6 Nxc6 31. Rxc6 Bxe6 32. Kf2 Bg4 33. Rc2 Rec8
1/2-1/2

[Event "VII Cto. de España Abierto Zona Sur"]
[Site "Almeria (España)"]
[Date "2007.09.05"]
[Round "4.15"]
[White "Lupion Linares, Mariano"]
[Black "Machin Arbelo, Pedro Alexis"]
[Result "0-1"]
[WhiteElo "1947"]
[BlackElo "2121"]
[PlyCount "60"]
[EventDate "2007.09.??"]
[EventType "swiss"]
[EventRounds "7"]
[EventCountry "ESP"]

1. d4 Nf6 2. c4 e6 3. Nf3 d5 4. Nc3 Bb4 5. Bg5 dxc4 6. e4 b5 7. a4 c6 8. Be2 h6
9. Bxf6 Qxf6 10. axb5 cxb5 11. e5 Qe7 12. O-O Bxc3 13. bxc3 Bb7 14. Qb1 a6 15.
Nd2 Bxg2 16. Kxg2 Qg5+ 17. Kh1 Qxd2 18. Bf3 Ra7 19. Qb4 Qg5 20. Rxa6 Nxa6 21.
Bc6+ Kd8 22. Qd6+ Kc8 23. Bd7+ Rxd7 24. Qxa6+ Kd8 25. Qb6+ Ke8 26. Qc6 Qd8 27.
Ra1 Ke7 28. Qc5+ Ke8 29. Qc6 Qc7 30. Qxb5 Kf8 0-1

[Event "VII Cto. de España Abierto Zona Sur"]
[Site "Almeria (España)"]
[Date "2007.09.05"]
[Round "4.16"]
[White "Spitzer Isbert, Ramon"]
[Black "Munoz Nortes, Jose Antonio"]
[Result "1-0"]
[WhiteElo "2097"]
[BlackElo "1865"]
[PlyCount "73"]
[EventDate "2007.09.??"]
[EventType "swiss"]
[EventRounds "7"]
[EventCountry "ESP"]

1. Nf3 d5 2. c4 d4 3. b4 Nf6 4. Bb2 e6 5. Nxd4 Be7 6. e3 O-O 7. a3 c5 8. Nc2
cxb4 9. axb4 Qb6 10. Nc3 Rd8 11. Ra5 a6 12. Rg5 Ne8 13. Rg3 Bxb4 14. c5 Qa5 15.
Ne4 f5 16. Nd6 g6 17. Nc4 Qxc5 18. h4 b5 19. Bd4 Qe7 20. Ne5 Bd6 21. Nxg6 hxg6
22. Rxg6+ Kf8 23. Qh5 Qf7 24. Qh6+ Ke7 25. Bf6+ Kd7 26. Bxd8 Kxd8 27. Nd4 Bf8
28. Qg5+ Be7 29. Qg3 Bd6 30. f4 Ra7 31. h5 Bf8 32. h6 Qh7 33. Nxe6+ Bxe6 34.
Rxe6 b4 35. Qf3 Qg8 36. Qd5+ Rd7 37. Rxe8+ 1-0

[Event "VII Cto. de España Abierto Zona Sur"]
[Site "Almeria (España)"]
[Date "2007.09.05"]
[Round "4.17"]
[White "Aleman Alamo, Nicolas"]
[Black "Diaz Sanchez, Jose Francisco"]
[Result "0-1"]
[WhiteElo "1788"]
[BlackElo "1978"]
[PlyCount "82"]
[EventDate "2007.09.??"]
[EventType "swiss"]
[EventRounds "7"]
[EventCountry "ESP"]

1. d4 d5 2. c4 c6 3. Nc3 Nf6 4. Nf3 e6 5. Bg5 Be7 6. e3 Nbd7 7. cxd5 exd5 8.
Bd3 h6 9. Bxf6 Nxf6 10. h3 Bd6 11. Qc2 Be6 12. O-O O-O 13. Rac1 Qc8 14. Nh4
Bxh3 15. Bf5 Bxf5 16. Nxf5 Qe6 17. Nxd6 Qxd6 18. Qf5 Rfe8 19. Rfe1 Ne4 20. Nxe4
Rxe4 21. g3 Rae8 22. Kg2 Qe6 23. Qxe6 R8xe6 24. Rc3 Rxd4 25. exd4 Rxe1 26. Rb3
b6 27. Rc3 Re6 28. Re3 Rxe3 29. fxe3 f5 30. Kf3 Kf7 31. Kf4 Kf6 32. Kf3 c5 33.
b3 c4 34. bxc4 dxc4 35. Ke2 h5 36. a4 a6 37. Kd2 Ke6 38. Kc3 Kd5 39. Kb4 g5 40.
Kc3 h4 41. gxh4 gxh4 0-1

[Event "VII Cto. de España Abierto Zona Sur"]
[Site "Almeria (España)"]
[Date "2007.09.05"]
[Round "4.19"]
[White "Ruiz Hervias, Ezequiel"]
[Black "Moral Garcia, Serafin"]
[Result "0-1"]
[WhiteElo "1757"]
[BlackElo "1907"]
[PlyCount "74"]
[EventDate "2007.09.??"]
[EventType "swiss"]
[EventRounds "7"]
[EventCountry "ESP"]

1. d4 d5 2. Nf3 Nf6 3. e3 e6 4. Bd3 c5 5. b3 Ne4 6. Nbd2 Nc3 7. Qe2 Nxe2 8.
Kxe2 Nc6 9. Re1 Nb4 10. Kf1 Nxd3 11. cxd3 Bd7 12. Bb2 f6 13. Rac1 Rc8 14. e4
dxe4 15. dxe4 cxd4 16. Nxd4 e5 17. Nc2 Bb5+ 18. Nc4 Bxc4+ 19. bxc4 Rxc4 20. Ne3
Rxc1 21. Rxc1 Be7 22. Nd5 Bd6 23. g3 O-O 24. Kg2 Qd7 25. Rd1 Qa4 26. Re1 Qxa2
27. Bc1 Bc5 28. Be3 Bxe3 29. Rxe3 b5 30. Rc3 a5 31. Rc7 b4 32. Ne7+ Kh8 33. Nf5
Qf7 34. Rxf7 Rxf7 35. Nd6 Rd7 36. Nc4 a4 37. Kf3 a3 0-1

[Event "VII Cto. de España Abierto Zona Sur"]
[Site "Almeria (España)"]
[Date "2007.09.06"]
[Round "5.1"]
[White "Mascaro March, Pedro"]
[Black "Fernandez Siles, Luis"]
[Result "1/2-1/2"]
[WhiteElo "2377"]
[BlackElo "2285"]
[PlyCount "41"]
[EventDate "2007.09.??"]
[EventType "swiss"]
[EventRounds "7"]
[EventCountry "ESP"]

1. d4 Nf6 2. c4 e5 3. dxe5 Ng4 4. e3 Nxe5 5. Nh3 Bb4+ 6. Bd2 Bxd2+ 7. Qxd2 Ng6
8. Be2 d6 9. Nf4 Nxf4 10. exf4 O-O 11. Nc3 Nc6 12. h4 Re8 13. O-O-O a5 14. h5
h6 15. g4 Nb4 16. f5 Bd7 17. Rhg1 Qg5 18. f4 Qe7 19. Rge1 Qe3 20. Qxe3 Rxe3 21.
a3 1/2-1/2

[Event "VII Cto. de España Abierto Zona Sur"]
[Site "Almeria (España)"]
[Date "2007.09.06"]
[Round "5.2"]
[White "Camacho Collados, Jose"]
[Black "Urbina Perez, Juan Antonio"]
[Result "1-0"]
[WhiteElo "2247"]
[BlackElo "2145"]
[PlyCount "99"]
[EventDate "2007.09.??"]
[EventType "swiss"]
[EventRounds "7"]
[EventCountry "ESP"]

1. e4 e6 2. d3 d5 3. Nd2 Nf6 4. Ngf3 b6 5. g3 dxe4 6. dxe4 Bc5 7. Bb5+ c6 8.
Bd3 a5 9. O-O Ba6 10. Qe2 Bxd3 11. cxd3 a4 12. Nc4 b5 13. d4 Be7 14. Nce5 Nfd7
15. Rd1 O-O 16. d5 Nxe5 17. Nxe5 Qc7 18. Nf3 cxd5 19. exd5 exd5 20. Rxd5 Qc4
21. Qxc4 bxc4 22. Nd4 Rc8 23. a3 Nc6 24. Be3 Bf6 25. Nxc6 Rxc6 26. Bd4 Rb8 27.
Rd1 Bxd4 28. R1xd4 Rcc8 29. Ra5 Rxb2 30. Rxc4 Rd8 31. Raxa4 g6 32. Ra7 Rb1+ 33.
Kg2 g5 34. Rc5 h6 35. Rcc7 Rf8 36. a4 Rbb8 37. a5 Rbc8 38. a6 Rxc7 39. Rxc7 Ra8
40. a7 Kg7 41. Kf3 Kf6 42. Ke4 Ke6 43. Kd4 f5 44. Kc5 Ke5 45. Re7+ Kf6 46. Rb7
Ke5 47. Kb6 Ke4 48. Rb8 Rxa7 49. Kxa7 Kf3 50. Rh8 1-0

[Event "VII Cto. de España Abierto Zona Sur"]
[Site "Almeria (España)"]
[Date "2007.09.06"]
[Round "5.3"]
[White "Ferrer Sanchez, Pedro J"]
[Black "Llanes Hurtado, Miguel"]
[Result "0-1"]
[WhiteElo "2310"]
[BlackElo "2440"]
[PlyCount "90"]
[EventDate "2007.09.??"]
[EventType "swiss"]
[EventRounds "7"]
[EventCountry "ESP"]

1. e4 c5 2. Nf3 d6 3. d4 cxd4 4. Nxd4 Nf6 5. Nc3 a6 6. Bc4 e6 7. Bb3 b5 8. O-O
Be7 9. Qf3 Qb6 10. Be3 Qb7 11. Qg3 b4 12. Na4 Nbd7 13. f3 O-O 14. Kh1 Ne5 15.
Nb6 Nh5 16. Qh3 Nf4 17. Qg3 Nh5 18. Qh3 Qxb6 19. Nf5 Qc7 20. Nxe7+ Qxe7 21.
Qxh5 a5 22. f4 Nd7 23. Bc4 Nf6 24. Qh4 Ba6 25. Bxa6 Rxa6 26. e5 Nd5 27. Qxe7
Nxe7 28. exd6 Nf5 29. Bf2 Nxd6 30. Bc5 Rc8 31. Bxd6 Rxd6 32. Rad1 Rxd1 33. Rxd1
g5 34. c3 bxc3 35. Rc1 gxf4 36. bxc3 Kg7 37. Kg1 Kf6 38. Kf2 Kf5 39. Kf3 e5 40.
g4+ Ke6 41. c4 f5 42. h3 Rc5 43. Rc2 Kf6 44. Rc1 Kg5 45. Rc2 e4+ 0-1

[Event "VII Cto. de España Abierto Zona Sur"]
[Site "Almeria (España)"]
[Date "2007.09.06"]
[Round "5.4"]
[White "Morales Camacho, Julian"]
[Black "Teran Alvarez, Ismael"]
[Result "0-1"]
[WhiteElo "2192"]
[BlackElo "2404"]
[PlyCount "74"]
[EventDate "2007.09.??"]
[EventType "swiss"]
[EventRounds "7"]
[EventCountry "ESP"]

1. d4 d5 2. Nf3 Nc6 3. Bf4 Bg4 4. e3 e6 5. Nbd2 Bd6 6. Bxd6 cxd6 7. c3 Nf6 8.
Be2 O-O 9. O-O Rb8 10. Ne1 Bxe2 11. Qxe2 b5 12. Nc2 Qb6 13. Rfc1 Rfc8 14. h3
Na5 15. Rab1 Rb7 16. g4 Ne4 17. Nb3 Nc4 18. f3 Nf6 19. Nd2 Qd8 20. Kf2 Nd7 21.
Kg2 Ndb6 22. Nxc4 bxc4 23. Qd1 Qd7 24. Na3 Na4 25. Qc2 Qc6 26. b4 cxb3 27. Rxb3
Nb6 28. Qb1 Qd7 29. Kg3 Rbc7 30. Nb5 Rc6 31. Ra3 Ra8 32. Rb3 Nc4 33. Qd3 Ra6
34. Rcb1 g6 35. a3 Ra5 36. e4 a6 37. exd5 exd5 0-1

[Event "VII Cto. de España Abierto Zona Sur"]
[Site "Almeria (España)"]
[Date "2007.09.06"]
[Round "5.6"]
[White "Rodriguez Guerrero, Angela"]
[Black "Cuesta Bustos, Raul"]
[Result "0-1"]
[WhiteElo "1916"]
[BlackElo "2122"]
[PlyCount "28"]
[EventDate "2007.09.??"]
[EventType "swiss"]
[EventRounds "7"]
[EventCountry "ESP"]

1. e4 c5 2. d3 d6 3. g3 Nc6 4. Bg2 e5 5. f4 Nf6 6. Nf3 Bg4 7. c3 d5 8. Qb3 dxe4
9. Qxb7 Na5 10. Qb5+ Bd7 11. Qa6 exf3 12. Bxf3 e4 13. dxe4 Bc6 14. O-O Qb6 0-1

[Event "VII Cto. de España Abierto Zona Sur"]
[Site "Almeria (España)"]
[Date "2007.09.06"]
[Round "5.7"]
[White "Campos Gambuti, Luis Maria"]
[Black "Galvez Extremera, Francisco"]
[Result "1-0"]
[WhiteElo "2410"]
[BlackElo "2171"]
[PlyCount "89"]
[EventDate "2007.09.??"]
[EventType "swiss"]
[EventRounds "7"]
[EventCountry "ESP"]

1. d4 Nf6 2. Nf3 g6 3. g3 Bg7 4. Bg2 O-O 5. O-O c5 6. c4 cxd4 7. Qxd4 d6 8. Nc3
Bg4 9. Bg5 Qd7 10. Rfd1 Nc6 11. Qe3 Qf5 12. Rac1 Bh3 13. Nd5 Bxg2 14. Kxg2 Ne4
15. Bf4 Nf6 16. b4 Ng4 17. Nxe7+ Nxe7 18. Qxe7 Rae8 19. e4 Qxe4 20. Qxe4 Rxe4
21. Bxd6 Rc8 22. h3 Nf6 23. Be5 h6 24. Bd4 Re2 25. Rd2 Re4 26. c5 a6 27. a3 Re6
28. Be3 Re7 29. Rcd1 Rce8 30. Rd8 Rxd8 31. Rxd8+ Kh7 32. Bd4 g5 33. g4 Ne4 34.
Bxg7 Kxg7 35. Nd4 Rc7 36. Nf5+ Kf6 37. Nd6 Nxd6 38. Rxd6+ Ke5 39. Kf3 f6 40.
Ke3 Rf7 41. Rd4 f5 42. f4+ Ke6 43. Rd6+ Ke7 44. Rb6 Kf8 45. gxf5 1-0